| 000 | 00707nam a2200241 a 4500 | ||
|---|---|---|---|
| 999 |
_c45309 _d45309 |
||
| 005 | 20230310063523.0 | ||
| 008 | 991125s1991 mx 000 0 spa u | ||
| 020 | _a9682935210 | ||
| 035 | _aUPN01000045309 | ||
| 040 |
_aUPN _bspa _cUPN |
||
| 049 | _aCG | ||
| 050 | 4 |
_aPQ7104 _bL58 no. 30 |
|
| 100 | 1 |
_aCuesta, Jorge, _d1903-1941 |
|
| 245 | 1 | 0 |
_aPoesía y crítica / _cJorge Cuesta ; selec., y presentación de Luis Mario Schneider. |
| 260 |
_aMéxico : _bCNCA, _c1991. |
||
| 300 | _a361 p. | ||
| 440 | 0 | _aLecturas mexicanas ; 31. Tercera serie | |
| 600 | 1 | 4 |
_aCUESTA, JORGE, _d1903-1941 |
| 650 | 4 |
_aPoesía mexicana _ySiglo XX _91285 |
|
| 905 | _aLibro | ||
| 942 |
_2lcc _cLIBRO |
||